000 00919nam a22002657a 4500
999 _c20526
_d20526
001 1635907
003 OSt
005 20210219114123.0
008 170109b xxu||||| |||| 00| 0 eng d
010 _a 96034364
020 _a0195107721 (alk. paper)
040 _aMMU
_cMMU
_dMMU
_beng
050 0 0 _aT45
_b.P66 1997
100 1 _aPool, Robert,
_d1955-
245 1 0 _aBeyond engineering :
_bhow society shapes technology /
_cRobert Pool.
260 _aNew York :
_bOxford University Press,
_c1997.
300 _axii, 358 p. ;
_c25 cm.
504 _aIncludes bibliographical referenc.es and index
650 0 _aTechnology.
650 0 _aTechnological innovations.
650 0 _aNuclear energy.
906 _a7
_bcbc
_corignew
_d1
_eocip
_f19
_gy-gencatlg
942 _2lcc
_cLOAN LOAN